Pocket Oxford Chinese dictionary : (Record no. 7552)
[ view plain ]
| 000 -LEADER | |
|---|---|
| fixed length control field | 01471nac a22003731u 4500 |
| 003 - CONTROL NUMBER IDENTIFIER | |
| control field | EG-ScBUE |
| 005 - DATE AND TIME OF LATEST TRANSACTION | |
| control field | 20220627101134.0 |
| 008 - FIXED-LENGTH DATA ELEMENTS--GENERAL INFORMATION | |
| fixed length control field | 220627t2003 enk f 000 0 eng d |
| 020 ## - INTERNATIONAL STANDARD BOOK NUMBER | |
| International Standard Book Number | 0195964586 |
| 020 ## - INTERNATIONAL STANDARD BOOK NUMBER | |
| International Standard Book Number | 9780195964585 |
| 035 ## - SYSTEM CONTROL NUMBER | |
| System control number | (OCoLC)ocm54786481 |
| 040 ## - CATALOGING SOURCE | |
| Original cataloging agency | EG-ScBUE |
| Language of cataloging | eng |
| Description conventions | rda |
| Transcribing agency | EG-ScBUE |
| Modifying agency | EG-ScBUE |
| 041 0# - LANGUAGE CODE | |
| Language code of text/sound track or separate title | eng |
| -- | chi |
| 082 04 - DEWEY DECIMAL CLASSIFICATION NUMBER | |
| Classification number | 495.1321 |
| Item number | POC |
| Edition number | 22 |
| 245 00 - TITLE STATEMENT | |
| Title | Pocket Oxford Chinese dictionary : |
| Remainder of title | English-Chinese, Chinese-English = Ying-Han, Han-Ying / |
| Statement of responsibility, etc | monolingual text edited by Martin H. Manser ; English-Chinese dictionary edited and translated by Zhu Yuan, Wang Liangbi, Ren Yongchang ; Chinese-English dictionary edited by Wu Jingrong [and three others] |
| 246 30 - VARYING FORM OF TITLE | |
| Title proper/short title | Pocket Chinese dictionary |
| 264 #1 - PUBLICATION, DISTRIBUTION, ETC. (IMPRINT) | |
| Place of publication, distribution, etc | Oxford ; |
| -- | New York : |
| Name of publisher, distributor, etc | Oxford University Press, |
| Date of publication, distribution, etc | [2003] |
| 264 #4 - PUBLICATION, DISTRIBUTION, ETC. (IMPRINT) | |
| Date of publication, distribution, etc | c2003 |
| 300 ## - PHYSICAL DESCRIPTION | |
| Extent | 614 pages ; |
| Dimensions | 20 cm |
| 336 ## - CONTENT TYPE | |
| Source | rdacontent |
| Content type term | text |
| Content type code | txt |
| 337 ## - MEDIA TYPE | |
| Source | rdamedia |
| Media type term | unmediated |
| Media type code | n |
| 338 ## - CARRIER TYPE | |
| Source | rdacarrier |
| Carrier type term | volume |
| Carrier type code | nc |
| 546 ## - LANGUAGE NOTE | |
| Language note | Text in English and Chinese. |
| 650 #7 - SUBJECT ADDED ENTRY--TOPICAL TERM | |
| Topical term or geographic name as entry element | English language |
| Form subdivision | Dictionaries |
| General subdivision | Chinese. |
| Source of heading or term | BUEsh |
| 650 #7 - SUBJECT ADDED ENTRY--TOPICAL TERM | |
| Topical term or geographic name as entry element | Chinese language |
| Form subdivision | Dictionaries |
| General subdivision | English. |
| Source of heading or term | BUEsh |
| 9 (RLIN) | 39112 |
| 651 ## - SUBJECT ADDED ENTRY--GEOGRAPHIC NAME | |
| Source of heading or term | BUEsh |
| 653 ## - INDEX TERM--UNCONTROLLED | |
| Resource For college | Humanities: English |
| 655 ## - INDEX TERM--GENRE/FORM | |
| Form subdivision | Reading book |
| 9 (RLIN) | 34232 |
| 700 1# - ADDED ENTRY--PERSONAL NAME | |
| Personal name | Manser, Martin H., |
| Relator term | editor. |
| 700 1# - ADDED ENTRY--PERSONAL NAME | |
| Personal name | Zhu, Yuan. |
| Relator term | translator, |
| -- | editor. |
| 9 (RLIN) | 36956 |
| 700 1# - ADDED ENTRY--PERSONAL NAME | |
| Personal name | Ren, Yongchang, |
| Relator term | translator, |
| -- | editor. |
| 9 (RLIN) | 41650 |
| 700 1# - ADDED ENTRY--PERSONAL NAME | |
| Personal name | Wu, Jingrong, |
| Relator term | translator, |
| -- | editor. |
| 942 ## - ADDED ENTRY ELEMENTS (KOHA) | |
| Koha item type | Reference (NB) |
| Source of classification or shelving scheme | Dewey Decimal Classification |
| Withdrawn status | Lost status | Source of classification or shelving scheme | Damaged status | Not for loan | Home library | Current library | Shelving location | Date acquired | Source of acquisition | Total Checkouts | Full call number | Barcode | Date last seen | Koha item type |
|---|---|---|---|---|---|---|---|---|---|---|---|---|---|---|
| Dewey Decimal Classification | Central Library | Central Library | Second Floor | 28/01/2008 | Purchase | 495.1321 POC | 000008956 | 15/07/2025 | NB - Book (Non borrowing) |